[Event "Match"]
[Site "www.echecsemail.com"]
[Date "2016.08.17"]
[Round "1"]
[White "Janerol"]
[Black "Billyg"]
[WhiteElo "999"]
[BlackElo "1590"]
[Result "1/2-1/2"]
[Round "1"]
1.e4 e6
2.Ng1f3 Ng8f6
3.e5 Nf6d5
4.Bf1c4 Nd5f4
5.Rh1g1 d5
6.Bc4f1 a6
7.d3 d4
8.Bc1xf4 h6
9.c3 Nb8c6
10.cxd4 Bf8b4
11.Ke2 b5
12.a3 Bb4a5
13.b4 Ba5b6
14.a4 bxa4
15.Qd1xa4 Bc8d7
16.b5 Nc6e7
17.Qa4b4 Ne7d5
18.Qb4d2 Bd7xb5
19.Nb1c3 c5
20.dxc5 Bb6xc5
21.Kd1 Ra8c8
22.d4 Bc5b4
23.Bf1xb5 axb5
24.Qd2d3 O-O
25.Nc3xb5 Nd5xf4
26.Qd3e3 Nf4d5
27.Qe3b3 Bb4c3
28.Ra1c1 Qd8a5
29.Nb5xc3 Rc8xc3
30.Qb3b1 Rc3xc1
31.Qb1xc1 Qa5a4
32.Qc1c2 Qa4a1
33.Qc2c1 Qa1xc1
34.Kxc1 Rf8a8
35.Rg1d1 Nd5f4
36.g3 Ra8a1
37.Kd2 Ra1a2
38.Ke1 Nf4h3
39.Nf3d2 Ra2a4
40.Nd2f3 Ra4a2
41.d5 Ra2a5
42.dxe6 fxe6
43.Rd1d8 Kh7
44.Kf1 Nh3g5
45.Nf3h4 Ra5xe5
46.f4 Ng5f7
47.Rd8d7 Re5h5
48.Rd7xf7 e5
49.Nh4f5 Rh5xh2
50.fxe5 Rh2h1
51.Kg2 Rh1e1
52.Nf5xg7 Re1xe5
53.g4 Re5e2
54.Kf1 Re2h2
55.Kg1 Rh2c2
56.Rf7d7 Kh8
57.Ng7f5 Rc2c4
58.Nf5xh6 Rc4f4
59.Kg2 Rf4f6
60.g5 Rf6g6
61.Rd7d8 Kh7
62.Rd8d5 Rg6e6
63.Kg3 Re6e1
64.Rd5d7 Kg6
{ draw }
1/2-1/2

[Event "Match"]
[Site "www.echecsemail.com"]
[Date "2016.08.17"]
[Round "1"]
[White "Pinehill"]
[Black "Jhzes"]
[WhiteElo "2070"]
[BlackElo "1890"]
[Result "1-0"]
[Round "1"]
1.e4 e5
2.d4 Qd8h4
3.Nb1c3 Bf8b4
4.Qd1d3 exd4
5.Ng1f3 dxc3
6.bxc3 Bb4xc3
7.Qd3xc3 Qh4xe4
8.Bf1e2 Ng8f6
9.O-O O-O
10.Be2d3 Qe4c6
11.Qc3d2 b6
12.Bc1b2 Nf6e4
13.Bd3xe4 Qc6xe4
14.Qd2c3 Qe4g6
15.Rf1e1 d6
16.Qc3xc7 Nb8a6
17.Qc7c6 Bc8h3
18.Nf3h4 Qg6g5
19.g3 Na6b4
20.Qc6c3 Nb4d5
21.Qc3d4 f6
22.Ra1d1 Ra8e8
23.Bb2c1 Re8xe1
24.Rd1xe1 Qg5h5
25.c4 Nd5c7
26.Qd4xd6 Nc7e8
27.Qd6d8 g5
28.Bc1a3 gxh4
29.Ba3xf8 Kxf8
30.Qd8e7 Kg8
31.Qe7xe8 Qh5xe8
32.Re1xe8 Kf7
33.Re8a8 hxg3
34.Ra8xa7 Kg6
35.fxg3 Bh3e6
36.Ra7a4 h5
37.a3 Kf5
38.c5 b5
39.Ra4f4 Kg5
40.c6 h4
41.Kf2 hxg3
42.hxg3 f5
43.Rf4b4 Kf6
44.Rb4xb5 Ke7
45.Ke3 Kd6
46.Kf4 Kxc6
47.Rb5xf5 Kd7
48.g4 Ke7
49.Kg5 Be6b3
50.Rf5b5 Bb3c4
51.a4 Ke6
52.Kh6 Kd7
53.g5 Ke7
54.g6 Kd8
55.g7 Ke7
56.Rb5b7 Kd6
57.a5 Kc6
58.Rb7b6 Kc7
59.Kh7 Bc4d3
60.Kh8 Bd3c4
61.g8Q { resign }
1-0

[Event "Match"]
[Site "www.echecsemail.com"]
[Date "2016.08.17"]
[Round "1"]
[White "Jhzes"]
[Black "Geodad5"]
[WhiteElo "2020"]
[BlackElo "2130"]
[Result "0-1"]
[Round "1"]
1.c4 e5
2.e3 Ng8f6
3.a3 Bf8e7
4.Nb1c3 c6
5.h3 O-O
6.d3 d5
7.Bf1e2 h6
8.cxd5 cxd5
9.b4 a6
10.Bc1b2 Nb8c6
11.Ng1f3 Bc8e6
12.Qd1c2 Ra8c8
13.Qc2d2 b5
14.g4 Nf6h7
15.e4 d4
16.Nc3d1 Nh7g5
17.Nf3h4 Ng5xe4
18.dxe4 Be7xh4
19.Be2d3 Qd8f6
20.Bb2c1 Qf6f3
21.Rh1h2 Nc6e7
22.a4 Ne7g6
23.Ra1a3 Bh4g5
24.Nd1e3 dxe3
25.Qd2b2 exf2
26.Rh2xf2 Bg5h4
27.Bd3e2 Qf3xf2
28.Kd1 Qf2e1
{ resign }
0-1

[Event "Match"]
[Site "www.echecsemail.com"]
[Date "2016.08.17"]
[Round "1"]
[White "Jhzes"]
[Black "Chapi"]
[WhiteElo "1870"]
[BlackElo "2140"]
[Result "0-1"]
[Round "1"]
1.e4 c5
2.c4 Nb8c6
3.Nb1c3 g6
4.Ng1f3 Bf8g7
5.Qd1c2 d6
6.h3 Ng8f6
7.d3 a6
8.Bf1e2 Nf6d7
9.Bc1d2 O-O
10.O-O-O b5
11.cxb5 axb5
12.b3 b4
13.Nc3a4 Bc8a6
14.Rh1e1 Ba6b5
15.Bd2e3 Bb5xa4
16.bxa4 Qd8a5
17.d4 cxd4
18.Nf3xd4 Nc6xd4
19.Be3xd4 Nd7e5
20.Qc2b3 Rf8c8
21.Kb1 Qa5xa4
22.f4 Ne5c6
23.Bd4xg7 Qa4xb3
24.axb3 Kxg7
25.g4 Ra8a3
26.Rd1d3 Rc8a8
27.Rd3d1 Nc6d4
28.Rd1xd4 Ra3a1
29.Kc2 Ra1xe1
30.Kd2 Re1h1
31.Rd4d3 Ra8a2
32.Ke3 Rh1e1
33.Rd3d2 Ra2xd2
34.Kxd2 Re1h1
35.f5 Rh1xh3
36.fxg6 hxg6
37.Ke1 Rh3xb3
38.Kf2 Rb3b2
39.Kf3 Rb2c2
40.Be2d3 Rc2c3
41.Ke2 Kf6
42.Kd2 Kg5
43.Bd3e2 Kf4
44.Be2d1 Kxe4
45.Bd1c2 Kf4
{ resign }
0-1

[Event "Tourn. n8838"]
[Site "www.chess-mail.com"]
[Date "2016.08.18"]
[Round "1"]
[White "Bluetealeaf"]
[Black "Daquata"]
[WhiteElo "1750"]
[BlackElo "1790"]
[Result "0-1"]
[Round "1"]
1.e4 e5
2.Ng1f3 Nb8c6
3.c3 Ng8f6
4.Bf1d3 Bf8c5
5.h3 d6
6.Qd1b3 O-O
7.g4 Ra8b8
8.a4 Bc8e6
9.Bd3c4 Nc6a5
10.Qb3c2 Na5xc4
11.d3 Nc4a5
12.b4 Na5b3
13.Ra1a3 Nb3xc1
14.Qc2xc1 Bc5xf2
15.Kxf2 c5
16.b5 Rb8c8
17.c4 Qd8a5
18.Nb1c3 a6
19.g5 Nf6h5
20.h4 Nh5f4
21.Nc3d5 Be6xd5
22.h5 Bd5e6
23.h6 g6
24.Nf3h4 axb5
25.cxb5 c4
26.d4 Nf4d3
27.Ra3xd3 cxd3
28.Qc1e3 Rc8c2
29.Kg3 Qa5d2
30.Qe3xd2 Rc2xd2
31.Rh1a1 Be6b3
32.a5 Rd2a2
33.Ra1b1 d2
34.Rb1xb3 d1Q
35.Nh4g2 Qd1xb3
{ resign }
0-1

[Event "Tourn. n8907"]
[Site "www.chess-mail.com"]
[Date "2016.08.18"]
[Round "1"]
[White "Malbertan"]
[Black "Jhzes"]
[WhiteElo "2040"]
[BlackElo "1850"]
[Result "1-0"]
[Round "1"]
1.e4 c5
2.Ng1f3 g6
3.d4 Bf8g7
4.dxc5 Qd8a5
5.Bc1d2 Qa5xc5
6.Bd2c3 Bg7xc3
7.Nb1xc3 d6
8.Qd1d2 a6
9.O-O-O Bc8e6
10.e5 Qc5a5
11.exd6 exd6
12.Qd2xd6 Ng8f6
13.Nf3d4 Qa5d8
14.Qd6xd8 Kxd8
15.Nd4xe6 Ke7
16.Ne6c5 Nb8c6
17.Bf1c4 b5
18.Rh1e1 Kf8
19.Bc4b3 b4
20.Nc3d5 Nf6g4
21.Nc5d7 Kg7
22.f3 Ng4xh2
23.Re1h1 Nh2xf3
24.gxf3 Ra8d8
25.Nd7c5 a5
26.Rh1e1 h5
27.Nd5e7 Rd8xd1
28.Kxd1 Nc6d4
29.f4 Rh8d8
30.Kc1 Nd4f3
31.Re1f1 Nf3h2
32.Rf1d1 Rd8e8
33.Ne7d5 Nh2f3
34.c3 h4
35.cxb4 h3
36.Nc5d3 axb4
37.Nd3f2 h2
38.Nd5xb4 Re8e2
39.Nb4d3 f5
40.Bb3d5 Nf3d4
41.Rd1d2 Re2e3
42.a4 Kf6
43.a5 Nd4b5
44.a6 Re3e7
45.Nf2h1 Re7c7
46.Kd1 Rc7a7
47.Bd5b7 Nb5d6
48.Rd2xh2 Nd6xb7
49.axb7 Ra7xb7
50.b4 Rb7d7
51.Kc2 Rd7d4
52.Kc3 { resign }
1-0

[Event "Tourn. n8910"]
[Site "www.chess-mail.com"]
[Date "2016.08.18"]
[Round "1"]
[White "Fabos12"]
[Black "Jhzes"]
[WhiteElo "1950"]
[BlackElo "1870"]
[Result "1-0"]
[Round "1"]
1.Ng1f3 d5
2.d4 Bc8f5
3.Bc1f4 Nb8c6
4.a3 f6
5.e3 g5
6.Bf4g3 g4
7.Nf3h4 Bf5e6
8.f4 gxf3
9.Qd1xf3 Ng8h6
10.h3 Rh8g8
11.Bg3f4 Nh6f7
12.Qf3h5 Kd7
13.Bf1b5 h6
14.Bb5a4 Nf7g5
15.Nb1d2 Be6f7
16.Qh5e2 Ng5e6
17.Bf4h2 Rg8g5
18.Nd2f3 Rg5h5
19.g4 Rh5xh4
20.Nf3xh4 a6
21.c4 dxc4
22.d5 b5
23.dxc6 Kxc6
24.Ba4c2 Qd8d5
25.Rh1f1 Ne6g5
26.Ra1d1 Qd5c5
27.Rf1f5 Qc5b6
28.Qe2g2 Ng5e4
29.Qg2xe4 { resign }
1-0

[Event "Tourn. n8858"]
[Site "www.chess-mail.com"]
[Date "2016.08.18"]
[Round "1"]
[White "Gearoidmac"]
[Black "Rons"]
[WhiteElo "2240"]
[BlackElo "2560"]
[Result "1/2-1/2"]
[Round "1"]
1.e4 c5
2.Ng1f3 d6
3.d4 cxd4
4.Nf3xd4 Ng8f6
5.Nb1c3 a6
6.Bc1e3 e6
7.g4 h6
8.Bf1g2 Nb8c6
9.h3 Nc6e5
10.Qd1e2 g5
11.O-O-O Bc8d7
12.Nd4f3 Qd8a5
13.Nf3xe5 dxe5
14.h4 gxh4
15.Rh1xh4 Rh8g8
16.Bg2f3 O-O-O
17.Be3xh6 Bf8b4
18.Rd1d3 Bd7c6
19.Bh6d2 Rd8xd3
20.cxd3 Qa5d8
21.g5 Nf6d7
22.Rh4h3 Nd7c5
23.Bf3g4 Bb4xc3
24.bxc3 Qd8a5
25.Kb1 Nc5a4
26.Kc2 Na4c5
27.Kb2 Nc5a4
28.Kc2 Na4c5
29.Kb1 Nc5a4
30.Kc2 { draw }
1/2-1/2

[Event "Tourn. n8913"]
[Site "www.chess-mail.com"]
[Date "2016.08.18"]
[Round "1"]
[White "Caspito"]
[Black "Ison"]
[WhiteElo "1900"]
[BlackElo "1780"]
[Result "0-1"]
[Round "1"]
1.e4 e5
2.Ng1f3 Nb8c6
3.Bf1c4 Bf8c5
4.c3 Ng8f6
5.Bc4xf7 Kxf7
6.Nf3g5 Kf8
7.O-O h6
8.Qd1b3 hxg5
9.c4 Nc6d4
10.Qb3d3 d6
{ resign }
0-1

[Event "Tourn. n8853"]
[Site "www.chess-mail.com"]
[Date "2016.08.18"]
[Round "1"]
[White "Fred"]
[Black "Jhzes"]
[WhiteElo "1980"]
[BlackElo "1860"]
[Result "1-0"]
[Round "1"]
1.e4 e5
2.f4 Bf8c5
3.Ng1f3 exf4
4.d4 Bc5b4
5.c3 Bb4a5
6.Bc1xf4 c6
7.Bf1c4 f6
8.O-O b5
9.Bc4xg8 Rh8xg8
10.h3 b4
11.Qd1b3 d5
12.exd5 cxd5
13.Nb1d2 Bc8e6
14.Ra1e1 Qd8b6
15.Qb3xd5 Kf7
16.Qd5xa8 Nb8c6
17.Qa8xg8 Kxg8
18.Re1xe6 bxc3
19.Nd2c4 Qb6a6
20.Nc4d6 g5
21.Bf4e3 cxb2
22.Rf1b1 Ba5c3
23.d5 Nc6b4
24.Nd6e4 Qa6a3
25.Ne4xc3 Qa3xc3
26.Be3d4 Qc3c1
27.Re6e1 Qc1f4
28.Rb1xb2 Nb4xd5
29.Bd4xa7 g4
30.Rb2b8 Kg7
31.Rb8b7 Kg6
32.hxg4 Qf4xg4
33.Ba7f2 Nd5f4
34.Nf3h4 Kh6
35.g3 Nf4e2
36.Kf1 Ne2xg3
37.Bf2xg3 Qg4h3
38.Kf2 Qh3c8
39.Rb7b5 Qc8c2
40.Re1e2 Qc2a4
41.Rb5f5 Qa4d4
42.Kg2 Kg7
43.Rf5f3 Qd4g4
44.Nh4f5 Kg6
45.Re2e7 Kh5
46.Re7xh7 Kg5
47.Rh7g7 Kh5
48.Rg7xg4 Kxg4
49.Bg3h4 Kh5
50.Bh4xf6 Kg6
51.Nf5h4 Kh5
52.Kg3 { resign }
1-0

[Event "Tourn. n8916"]
[Site "www.chess-mail.com"]
[Date "2016.08.18"]
[Round "1"]
[White "Jhzes"]
[Black "Bojan"]
[WhiteElo "1970"]
[BlackElo "1910"]
[Result "0-1"]
[Round "1"]
1.e4 e5
2.Bf1c4 Ng8f6
3.d3 h6
4.c3 Nb8c6
5.Qd1b3 Qd8e7
6.Ng1f3 Nc6a5
7.Qb3b5 Na5xc4
8.Qb5xc4 d6
9.h3 Bc8e6
10.Qc4b5 c6
11.Qb5a4 Qe7c7
12.Bc1e3 b5
13.Qa4c2 Bf8e7
14.g4 Nf6h7
15.Nb1d2 Nh7g5
16.Nf3xg5 hxg5
17.f3 g6
18.Nd2f1 f5
19.Qc2g2 Qc7d7
20.gxf5 gxf5
21.Be3xg5 f4
22.Bg5xe7 Qd7xe7
23.Qg2g6 Be6f7
24.Qg6g1 Kd7
25.b3 Kc7
26.O-O-O c5
27.c4 a6
28.cxb5 axb5
29.Kb2 d5
30.Nf1d2 c4
31.dxc4 Qe7a3
32.Kc3 d4
33.Kd3 bxc4
34.Ke2 c3
35.Qg1g7 Qa3e7
36.Kf2 Rh8g8
37.Qg7h7 Ra8xa2
38.Ke1 Rg8g2
39.Nd2c4 Ra2e2
{ resign }
0-1

[Event "Tourn. n8810"]
[Site "www.chess-mail.com"]
[Date "2016.08.18"]
[Round "1"]
[White "Andychesston"]
[Black "Oroden"]
[WhiteElo "2050"]
[BlackElo "2119"]
[Result "0-1"]
[Round "1"]
1.e4 c5
2.Ng1f3 d6
3.d4 cxd4
4.Nf3xd4 Ng8f6
5.Bf1d3 g6
6.Bc1e3 Nb8c6
7.Nb1d2 Bf8g7
8.c3 Nf6g4
9.Qd1e2 Ng4xe3
10.fxe3 O-O
11.O-O-O Nc6e5
12.h3 Ne5xd3
13.Qe2xd3 Bc8d7
14.b3 Qd8c7
15.c4 b5
16.Kb1 b4
17.g4 a5
18.Rd1c1 a4
19.Nd4b5 Qc7a5
20.Kc2 axb3
21.axb3 Bd7xb5
22.cxb5 Rf8c8
23.Nd2c4 Qa5a2
24.Kd1 Qa2g2
25.Qd3f1 Qg2xe4
26.Ke2 Rc8xc4
27.bxc4 Ra8a2
28.Ke1 Qe4xe3
{ resign }
0-1

[Event "Tourn. n8888"]
[Site "www.chess-mail.com"]
[Date "2016.08.18"]
[Round "1"]
[White "Jhzes"]
[Black "Xkafi"]
[WhiteElo "1940"]
[BlackElo "1860"]
[Result "0-1"]
[Round "1"]
1.c4 e5
2.Nb1c3 c6
3.a3 Bf8c5
4.e3 d5
5.b4 Bc5b6
6.c5 Bb6c7
7.Bc1b2 Ng8f6
8.d3 b6
9.d4 bxc5
10.dxc5 Bc8g4
11.f3 Bg4h5
12.Bf1a6 Nb8xa6
13.Qd1a4 Na6b8
14.b5 O-O
15.b6 Nb8d7
16.bxc7 Qd8xc7
17.Qa4h4 Ra8b8
18.Ra1b1 Bh5g6
19.e4 Nd7xc5
20.Ng1e2 Nc5d3
21.Kf1 Nd3xb2
22.exd5 Bg6xb1
23.Nc3xb1 cxd5
24.g4 Qc7c2
25.Nb1c3 d4
26.Nc3e4 Nf6xe4
27.fxe4 Qc2d1
28.Qh4e1 Qd1d3
{ resign }
0-1

[Event "Tourn. n8903"]
[Site "www.chess-mail.com"]
[Date "2016.08.18"]
[Round "1"]
[White "Jhzes"]
[Black "Ison"]
[WhiteElo "1810"]
[BlackElo "1780"]
[Result "0-1"]
[Round "1"]
1.d4 Ng8f6
2.c4 e6
3.a3 Bf8e7
4.Nb1c3 O-O
5.e3 d5
6.c5 Nb8c6
7.b4 a6
8.Bc1b2 b6
9.cxb6 cxb6
10.Ng1f3 Bc8b7
11.Ra1b1 b5
12.Bf1d3 Ra8c8
13.Nc3e2 Be7d6
14.g3 e5
15.dxe5 Nc6xe5
16.Bb2xe5 Bd6xe5
17.Nf3xe5 d4
18.Rh1g1 Rf8e8
19.exd4 Nf6d7
20.f4 Nd7xe5
21.fxe5 Qd8g5
22.Ne2f4 Rc8d8
23.Nf4e2 f6
24.Qd1c2 h6
25.Rg1f1 fxe5
26.Rf1f5 Qg5e3
27.Kd1 e4
28.Bd3xb5 axb5
29.Rb1b3 Rd8xd4
30.Ne2xd4 Qe3xd4
31.Ke2 Bb7d5
32.Rb3e3 Bd5c4
33.Kf2 Qd4a1
34.Kg2 Qa1d4
35.Qc2f2 Bc4d3
36.g4 Re8c8
37.Kh3 Qd4a1
38.Re3xd3 exd3
39.Rf5xb5 Qa1xa3
40.Kh4 g5
41.Kh5 d2
42.Qf2xd2 Qa3h3
43.Kg6 Rc8c6
44.Kf5 Qh3f3
45.Ke5 Qf3f6
46.Ke4 Rc6e6
47.Kd3 Re6d6
48.Kc2 Rd6xd2
49.Kxd2 Qf6c6
50.Rb5c5 Qc6f3
51.Rc5c8 Kf7
52.Rc8c7 Kg6
53.Rc7c4 Qf3b3
54.Rc4c6 Kg7
55.Rc6c7 Kf6
{ resign }
0-1

[Event "Tourn. n8905"]
[Site "www.chess-mail.com"]
[Date "2016.08.18"]
[Round "1"]
[White "Jhzes"]
[Black "Bojan"]
[WhiteElo "1970"]
[BlackElo "1890"]
[Result "0-1"]
[Round "1"]
1.e4 e5
2.Ng1f3 Nb8c6
3.Bf1c4 h6
4.O-O Bf8d6
5.b3 Ng8f6
6.d3 Nc6a5
7.Bc4b5 a6
8.Bb5c4 Na5xc4
9.bxc4 Qd8e7
10.Rf1e1 Bd6b4
11.c3 Bb4a5
12.d4 exd4
13.Nf3xd4 O-O
14.Nd4f5 Qe7e5
15.f4 Qe5c5
16.Bc1e3 Qc5xc4
17.e5 Nf6d5
18.Be3d4 Nd5xf4
19.Nf5xg7 Ba5b6
20.Qd1g4 Bb6xd4
21.Kh1 Nf4g6
22.Ng7f5 d6
23.Nf5xh6 Kg7
24.Qg4h5 Bd4xe5
25.Nb1d2 Qc4f4
26.Nd2f3 Qf4xh6
27.Qh5xh6 Kxh6
28.Ra1c1 f6
29.Re1e4 Bc8d7
30.c4 Bd7c6
31.Re4e3 Be5f4
32.Re3e1 Bf4xc1
33.Re1xc1 Ra8e8
34.h3 Bc6xf3
35.gxf3 Re8e2
36.a4 Ng6f4
37.h4 Rf8g8
38.Rc1b1 Rg8g2
{ resign }
0-1

[Event "Tourn. n8899"]
[Site "www.chess-mail.com"]
[Date "2016.08.18"]
[Round "1"]
[White "Ison"]
[Black "Cal"]
[WhiteElo "1780"]
[BlackElo "1730"]
[Result "1-0"]
[Round "1"]
1.e4 e5
2.Ng1f3 d6
3.d4 Bc8g4
4.dxe5 Bf8e7
5.exd6 Be7xd6
6.Bf1e2 Nb8c6
7.Nb1c3 Ng8f6
8.h3 Bg4h5
9.Bc1g5 Bh5xf3
10.Be2xf3 Nc6e5
11.Nc3d5 c6
12.Nd5xf6 gxf6
13.Bg5h4 Qd8e7
14.Bf3g4 Ra8d8
15.Qd1e2 b5
16.O-O-O Ne5c4
17.Rh1e1 Bd6e5
18.c3 O-O
19.g3 Rd8xd1
20.Re1xd1 a5
21.f4 Be5d6
22.e5 Bd6c5
23.Bh4xf6 Qe7c7
24.Bg4f5 Nc4b6
25.Qe2g4 { resign }
1-0

[Event "Tourn. n8769"]
[Site "www.chess-mail.com"]
[Date "2016.08.18"]
[Round "1"]
[White "Ejner"]
[Black "Leo57"]
[WhiteElo "2390"]
[BlackElo "2790"]
[Result "0-1"]
[Round "1"]
1.d4 Ng8f6
2.c4 e6
3.Ng1f3 d5
4.Bc1g5 Nb8d7
5.e3 c6
6.Nb1d2 Bf8e7
7.Bf1d3 O-O
8.Ra1c1 b6
9.cxd5 cxd5
10.O-O Bc8b7
11.Qd1c2 Ra8c8
12.Qc2b1 h6
13.Bg5h4 Be7d6
14.Rc1xc8 Qd8xc8
15.Rf1c1 Qc8b8
16.Bh4g3 Bd6xg3
17.hxg3 Rf8c8
18.Nf3e1 Rc8xc1
19.Qb1xc1 g6
20.Bd3b5 Kg7
21.Ne1d3 h5
22.Nd3f4 Qb8c8
23.Qc1xc8 Bb7xc8
24.f3 Nf6e8
25.Kf2 Ne8d6
26.Bb5d3 Kf8
27.Ke1 Bc8b7
28.b3 Nd7b8
29.Nd2b1 Bb7a6
30.Nb1c3 g5
31.Bd3xa6 gxf4
32.Ba6d3 fxg3
33.e4 Nb8c6
34.exd5 Nc6b4
35.Ke2 h4
36.Bd3b1 Nb4xd5
37.Nc3xd5 exd5
38.Ke3 h3
39.gxh3 f5
40.Bb1d3 f4
41.Ke2 Kg7
42.Kf1 Kh6
43.Kg2 Kg5
44.a4 Nd6b7
{ resign }
0-1

[Event "Match"]
[Site "www.echecsemail.com"]
[Date "2016.08.18"]
[Round "1"]
[White "Jhzes"]
[Black "Stevep84"]
[WhiteElo "1880"]
[BlackElo "2210"]
[Result "0-1"]
[Round "1"]
1.e4 c6
2.Nb1c3 d5
3.exd5 cxd5
4.Bf1b5 Nb8c6
5.Bb5xc6 bxc6
6.d4 Bc8f5
7.Bc1f4 e6
8.a3 Bf8d6
9.Bf4xd6 Qd8xd6
10.g3 Ng8f6
11.Ng1e2 O-O
12.Qd1d2 Ra8c8
13.O-O-O Rc8c7
14.Qd2f4 Qd6e7
15.f3 Rf8c8
16.g4 Bf5g6
17.h4 h5
18.g5 Nf6d7
19.Nc3a4 c5
20.Na4xc5 Nd7xc5
21.dxc5 Rc7xc5
22.c3 e5
23.Qf4a4 d4
24.Ne2xd4 exd4
25.Qa4xd4 Qe7e6
26.Rh1e1 Qe6f5
27.Re1e4 Rc5c4
28.Qd4xa7 Rc4xe4
{ resign }
0-1

[Event "Match"]
[Site "www.echecsemail.com"]
[Date "2016.08.18"]
[Round "1"]
[White "Jhzes"]
[Black "Umutkrc"]
[WhiteElo "1960"]
[BlackElo "1840"]
[Result "0-1"]
[Round "1"]
1.d4 e6
2.Bc1f4 d5
3.c4 c6
4.cxd5 cxd5
5.Nb1c3 Nb8c6
6.e4 Ng8e7
7.Qd1a4 a6
8.Nc3b5 axb5
9.Qa4xa8 Nc6xd4
10.Ra1c1 Ne7c6
11.Ng1f3 Nd4xf3
12.gxf3 dxe4
13.Rc1d1 Qd8a5
14.Qa8xa5 Nc6xa5
15.Bf1xb5 Na5c6
16.fxe4 Bf8b4
17.Kf1 O-O
18.a3 Bb4e7
19.Bb5xc6 bxc6
20.Bf4d6 Rf8d8
21.e5 f6
22.Bd6xe7 Rd8xd1
23.Kg2 Rd1xh1
24.Kxh1 f5
25.b4 Bc8b7
26.Kg1 h6
27.f4 Kf7
28.Be7h4 Kg6
29.Kf2 Kh5
30.Bh4e7 Kg4
31.Ke3 Kh3
32.Be7f8 g5
33.Bf8xh6 g4
34.Bh6g5 Kxh2
35.Bg5h4 g3
36.Bh4xg3 Kxg3
37.a4 Bb7a6
38.Kd4 Kxf4
39.Kc5 Kxe5
40.Kxc6 f4
41.b5 Ba6b7
42.Kxb7 f3
43.b6 f2
44.Kc7 f1Q
45.Kb7 Kd6
46.a5 Kd7
47.a6 Qf1c4
48.Ka7 Qc4c5
49.Kb7 e5
50.Ka8 Qc5xb6
51.a7 Qb6d8
{ resign }
0-1

[Event "Match"]
[Site "www.echecsemail.com"]
[Date "2016.08.18"]
[Round "1"]
[White "Jhzes"]
[Black "Hundegana"]
[WhiteElo "1890"]
[BlackElo "2090"]
[Result "0-1"]
[Round "1"]
1.d4 f5
2.e4 fxe4
3.Qd1h5 g6
4.Qh5e5 Ng8f6
5.Bc1g5 Bf8g7
6.Bg5xf6 Bg7xf6
7.Qe5xe4 d5
8.Qe4d3 Nb8c6
9.c3 Bc8f5
10.Qd3b5 Ra8b8
11.Nb1d2 a6
12.Qb5a4 O-O
13.Bf1e2 e5
14.g4 Bf5d7
15.Qa4c2 exd4
16.c4 Bd7e6
17.h3 Nc6b4
18.Qc2b3 c5
19.Ng1f3 Rf8e8
20.a3 Nb4c6
21.O-O b5
22.cxb5 axb5
23.Be2xb5 Nc6a5
24.Qb3a4 Re8e7
25.b4 cxb4
26.axb4 Na5c4
27.Nd2xc4 dxc4
28.Rf1d1 d3
29.Ra1a3 Qd8d5
30.Bb5c6 Qd5d6
31.Rd1b1 c3
32.Bc6e4 d2
33.Be4c2 Be6d5
34.Bc2b3 Bd5xb3
35.Qa4xb3 Kg7
36.Qb3c2 Rb8xb4
37.Rb1xb4 Qd6xb4
38.Ra3b3 Qb4d6
39.Rb3b1 Qd6f4
40.g5 Qf4xf3
41.gxf6 Kxf6
42.Rb1b6 Kg7
43.Rb6b1 Re7e1
44.Rb1xe1 dxe1Q
{ resign }
0-1

[Event "Match"]
[Site "www.echecsemail.com"]
[Date "2016.08.18"]
[Round "1"]
[White "Jhzes"]
[Black "Mitja"]
[WhiteElo "1850"]
[BlackElo "1910"]
[Result "0-1"]
[Round "1"]
1.e4 d6
2.Bf1c4 e5
3.Qd1f3 f6
4.Bc4xg8 Rh8xg8
5.Qf3h5 g6
6.Qh5xh7 Rg8g7
7.Qh7h8 Bc8e6
8.Qh8h6 Qd8d7
9.d3 Nb8c6
10.Nb1c3 O-O-O
11.b3 Qd7f7
12.Qh6e3 g5
13.f3 Nc6d4
14.Qe3d2 a6
15.Ng1e2 Nd4xe2
16.Nc3xe2 Rg7h7
17.h3 Qf7d7
18.g4 Qd7c6
19.c4 Bf8e7
20.d4 exd4
21.Ne2xd4 Qc6d7
22.f4 gxf4
23.Nd4xe6 Qd7xe6
24.Qd2xf4 d5
25.cxd5 Rd8xd5
26.O-O Rd5d3
27.Rf1f3 Rd3d1
28.Kg2 Rh7h8
29.Rf3c3 Be7d6
30.Qf4f5 Qe6xf5
31.exf5 Bd6e5
32.Rc3xc7 Kxc7
33.Ra1b1 Rd1d3
34.Bc1a3 Rh8xh3
35.Rb1c1 Rd3c3
36.Ba3b2 Rh3h2
37.Kg1 Rh2xb2
38.Rc1xc3 Be5xc3
39.a4 Bc3e5
{ resign }
0-1

[Event "Match"]
[Site "www.echecsemail.com"]
[Date "2016.08.18"]
[Round "1"]
[White "Yakke"]
[Black "Jhzes"]
[WhiteElo "1780"]
[BlackElo "1860"]
[Result "1-0"]
[Round "1"]
1.e4 Ng8f6
2.f3 e5
3.a3 c6
4.Bf1c4 Bf8c5
5.Ng1e2 d5
6.exd5 cxd5
7.Bc4b3 a6
8.d4 exd4
9.Ne2xd4 O-O
10.Nd4e2 Rf8e8
11.Bc1g5 Bc5e7
12.Bg5xf6 Be7xf6
13.c3 d4
14.cxd4 Bf6xd4
15.Qd1c2 Qd8f6
16.Nb1c3 Bc8f5
17.Nc3d5 Qf6g5
18.Qc2c4 Bd4xb2
19.Nd5c7 Re8c8
20.Qc4xf7 Kh8
21.Nc7e8 Rc8c1
22.Ra1xc1 Bb2c3
23.Rc1xc3 Qg5h4
24.g3 Qh4xg3
25.hxg3 { resign }
1-0

[Event "Match"]
[Site "www.echecsemail.com"]
[Date "2016.08.18"]
[Round "1"]
[White "Ledzepp"]
[Black "Janerol"]
[WhiteElo "1410"]
[BlackElo "1429"]
[Result "1-0"]
[Round "1"]
1.e4 e5
2.d4 d5
3.dxe5 dxe4
4.Nb1c3 Bf8b4
5.Bc1d2 Bb4xc3
6.Bd2xc3 Qd8xd1
7.Kxd1 a6
8.e6 h5
9.Bc3xg7 Rh8h7
10.Bg7e5 Kd8
11.Ke1 Bc8xe6
12.Ra1d1 Be6d7
13.Bf1c4 Nb8c6
14.Be5g3 Rh7h6
15.Bc4xf7 Ng8e7
16.Ng1h3 Nc6b4
17.Nh3g5 Nb4xc2
18.Ke2 Kc8
19.Ng5xe4 Rh6f6
20.Ne4xf6 Bd7a4
21.b3 Ba4b5
22.Kd2 Nc2b4
23.a4 Bb5d7
24.Nf6xd7 Kxd7
25.Kc3 Kc6
26.Kxb4 a5
27.Kc4 Ne7d5
28.Bf7xd5 Kb6
29.Bd5f3 Ra8h8
30.Rd1d5 c6
31.Rd5d7 h4
32.Bg3c7 Ka6
33.Bc7e5 Rh8e8
34.Be5d4 b5
35.axb5 cxb5
36.Kd3 b4
37.Bf3b7 Kb5
38.Rd7d5 
1-0

[Event "Match"]
[Site "www.echecsemail.com"]
[Date "2016.08.18"]
[Round "1"]
[White "Whitekknight"]
[Black "Jhzes"]
[WhiteElo "1970"]
[BlackElo "1810"]
[Result "1-0"]
[Round "1"]
1.e4 d5
2.exd5 c6
3.dxc6 Nb8xc6
4.d4 Nc6xd4
5.Bc1e3 e5
6.c3 Nd4f5
7.Qd1xd8 Kxd8
8.Be3d2 g6
9.Ng1f3 Bf8g7
10.Bf1d3 Ng8e7
11.O-O h6
12.Rf1e1 f6
13.c4 Nf5d4
14.Nf3xd4 exd4
15.Bd2b4 Ne7f5
16.Nb1d2 Bc8d7
17.Nd2f3 a5
18.Bb4c5 Bg7f8
19.Bc5b6 Kc8
20.c5 Bd7c6
21.Bd3xf5 gxf5
22.Nf3xd4 Bc6d7
23.Nd4xf5 Bf8xc5
24.Ra1c1 Ra8a6
25.Nf5e7 Kb8
26.Bb6xc5 b5
27.Ne7d5 Rh8e8
28.Re1xe8 Bd7xe8
29.Bc5e3 Be8f7
30.Be3f4 { resign }
1-0

[Event "Match"]
[Site "www.echecsemail.com"]
[Date "2016.08.18"]
[Round "1"]
[White "Karpov35"]
[Black "Gambitmiau"]
[WhiteElo "1809"]
[BlackElo "1900"]
[Result "1-0"]
[Round "1"]
1.d4 d5
2.Nb1c3 Bc8f5
3.Bc1f4 e6
4.f3 Bf8d6
5.e3 Bd6xf4
6.exf4 h6
7.Bf1d3 Ng8e7
8.Ng1e2 Nb8c6
9.g4 Bf5h7
10.Bd3xh7 Rh8xh7
11.Qd1d3 g6
12.a3 f5
13.O-O-O Qd8d6
14.Kb1 O-O-O
15.Rh1e1 g5
16.Qd3e3 fxg4
17.fxg4 Rd8g8
18.h3 Rh7f7
19.fxg5 hxg5
20.Ne2c1 Rf7f6
21.Nc1d3 Nc6a5
22.Qe3e5 Na5c4
23.Qe5xf6 Rg8g6
24.Qf6f8 Kd7
25.Nd3c5 Kc6
26.Qf8e8 Kb6
27.Qe8b5 { resign }
1-0

[Event "Match"]
[Site "www.echecsemail.com"]
[Date "2016.08.18"]
[Round "1"]
[White "Vitoriccardo"]
[Black "Jhzes"]
[WhiteElo "2010"]
[BlackElo "1870"]
[Result "1-0"]
[Round "1"]
1.e4 d6
2.d4 c6
3.c4 Bc8d7
4.Nb1c3 g6
5.f3 e6
6.Bc1e3 Bf8e7
7.Bf1d3 f6
8.Ng1e2 g5
9.O-O e5
10.d5 c5
11.a3 a6
12.b4 cxb4
13.axb4 a5
14.b5 b6
15.Nc3a4 g4
16.f4 exf4
17.Ne2xf4 h5
18.Na4xb6 Ra8a7
19.Nb6xd7 Ra7xd7
20.Nf4e6 Qd8c8
21.Ra1xa5 Kf7
22.Be3d4 Be7d8
23.Ra5a2 Bd8c7
24.Ra2f2 Ke7
25.b6 Bc7d8
26.c5 Kf7
27.Bd3b5 Rh8h6
28.Bb5xd7 Nb8xd7
29.c6 Nd7xb6
30.Qd1b3 Nb6a8
31.Ne6xd8 Qc8xd8
32.e5 dxe5
33.Bd4xe5 Kg7
34.Qb3b7 Kh8
35.Qb7d7 Qd8b6
36.Be5f4 Rh6g6
37.c7 Na8xc7
38.Bf4xc7 Qb6d4
39.Qd7f5 Ng8e7
40.Qf5xh5 Kg7
41.d6 Ne7d5
42.Qh5f5 Nd5e3
43.Qf5e6 Ne3xf1
44.d7 Nf1xh2
45.Qe6e7 { resign }
1-0

[Event "Match"]
[Site "www.echecsemail.com"]
[Date "2016.08.18"]
[Round "1"]
[White "Gilliere"]
[Black "Jhzes"]
[WhiteElo "2040"]
[BlackElo "1860"]
[Result "1-0"]
[Round "1"]
1.e4 g6
2.d4 c6
3.Ng1f3 Bf8g7
4.c3 e6
5.e5 d6
6.Bc1g5 Qd8c7
7.exd6 Qc7xd6
8.Nb1d2 f5
9.Nd2c4 Qd6d5
10.Nc4e3 Qd5d7
11.Nf3e5 Bg7xe5
12.dxe5 h6
13.Qd1xd7 Bc8xd7
14.Bg5f6 Ng8xf6
15.exf6 O-O
16.Bf1c4 Rf8xf6
17.O-O b5
18.Bc4b3 Nb8a6
19.a3 Na6c5
20.Bb3a2 Nc5d3
21.Ra1b1 a5
22.Rf1d1 Nd3e5
23.f4 Ne5c4
24.Ne3xc4 Bd7e8
25.Nc4d6 Be8f7
26.Nd6xf7 Kxf7
27.Rd1d7 Ke8
28.Rb1d1 g5
29.fxg5 hxg5
30.Rd7c7 Ra8a6
31.Rd1d7 Ra6a8
32.Rd7h7 Rf6f8
33.Ba2xe6 f4
34.Rc7xc6 f3
35.gxf3 Ra8d8
36.Rc6c8 Rd8xc8
37.Be6xc8 Rf8xf3
38.Bc8d7 Kf8
39.Bd7xb5 Rf3e3
40.Kf2 Re3e5
41.a4 Re5f5
42.Kg3 Kg8
43.Rh7d7 Rf5e5
44.Kf3 Kf8
45.Rd7a7 Re5d5
46.Ra7xa5 Rd5d2
47.Kg4 Rd2xb2
48.Kxg5 Rb2xh2
49.Ra5a7 Rh2g2
50.Kf4 Rg2c2
51.c4 Rc2b2
52.Ra7d7 Rb2b4
53.a5 Ke8
54.Rd7h7 Kd8
55.a6 Rb4b2
56.a7 Rb2a2
57.a8Q Ra2xa8
58.Rh7h8 { resign }
1-0

[Event "1/32 Finale"]
[Site "www.chess-mail.com"]
[Date "2016.08.18"]
[Round "1"]
[White "Madz123456"]
[Black "Oroden"]
[WhiteElo "2240"]
[BlackElo "2199"]
[Result "1-0"]
[Round "1"]
1.e4 e6
2.d4 d5
3.Nb1c3 Bf8b4
4.e5 c5
5.a3 Bb4xc3
6.bxc3 Ng8e7
7.Ng1f3 Bc8d7
8.Bf1e2 Bd7a4
9.Ra1b1 Ba4c6
10.O-O c4
11.a4 O-O
12.Nf3h4 Nb8d7
13.f4 Rf8e8
14.g4 f5
15.Kh1 Nd7b6
16.gxf5 Nb6xa4
17.f6 Na4xc3
18.Qd1e1 Nc3xb1
19.Rf1g1 g6
20.fxe7 Re8xe7
21.f5 exf5
22.Bc1g5 { resign }
1-0